| Tag |
First Indicator |
Second Indicator |
Subfields |
| LEADER |
00000cam a2200000Ii 4500 |
| 001 |
in00004138363 |
| 008 |
190610s2019 wau 000 p eng d |
| 005 |
20250318214719.9 |
| 020 |
|
|
|a 9780899241685
|
| 020 |
|
|
|a 0899241689
|q paperback
|
| 035 |
|
|
|a (OCoLC)on1104044496
|
| 035 |
|
|
|a (OCoLC)1104044496
|
| 040 |
|
|
|a YDX
|b eng
|e rda
|c YDX
|d OEM
|d YDXIT
|
| 050 |
|
4 |
|a PS3552.U339
|b A36 2019
|
| 082 |
0 |
4 |
|a 811/.54
|2 23
|
| 100 |
1 |
|
|a Buckley, Christopher,
|d 1948-
|e author.
|
| 245 |
1 |
0 |
|a Agnostic :
|b poems /
|c Christopher Buckley.
|
| 250 |
|
|
|a First edition.
|
| 264 |
|
1 |
|a Spokane, Washington :
|b LynxHousePress,
|c [2019]
|
| 300 |
|
|
|a 107 pages ;
|c 22 cm
|
| 336 |
|
|
|a text
|b txt
|2 rdacontent
|
| 337 |
|
|
|a unmediated
|b n
|2 rdamedia
|
| 338 |
|
|
|a volume
|b nc
|2 rdacarrier
|
| 655 |
|
7 |
|a Poetry.
|2 fast
|0 (OCoLC)fst01423828
|
| 655 |
|
7 |
|a Poetry.
|2 lcgft
|
| 852 |
8 |
|
|b pda,print
|z This title is available for the library to purchase for your use. Click the "Purchase It For Me" button to place a request. This item may take 5-10 business days to arrive.
|
| 955 |
|
|
|a Print PDA title
|
| 961 |
|
|
|m 565730
|
| 999 |
f |
f |
|s 45640c99-8123-4d03-ac5f-25235102a29c
|i 06ceec40-4958-35b7-a840-c88f0552a5a2
|t 0
|
| 952 |
f |
f |
|a Texas A&M University
|b College Station
|c Sterling C. Evans Library
|d Purchase on Demand
|t 0
|e PS3552.U339 A36 2019
|h Library of Congress classification
|
| 998 |
f |
f |
|a PS3552.U339 A36 2019
|t 0
|l Purchase on Demand
|